| 000 | 005080000a22001810004500 | ||
|---|---|---|---|
| 003 | LK-CoMWRAF | ||
| 005 | 20230901150911.0 | ||
| 008 | 230817t1999 ||||| |||| 00| 0 eng d | ||
| 040 |
_aLK-CoMWRAF _dLK-CoMWRAF _eLK-CoMWRAF |
||
| 041 | _aeng | ||
| 082 |
_a502 _bFOR |
||
| 100 | _a Gah, Shirkat | ||
| 245 |
_aFrom a Grain to a Pearl : _bTrue stories from the field |
||
| 260 |
_aLahore : _bShirkat Gah women's resource centre _c1999 |
||
| 300 | _a158p | ||
| 650 | _a Women - Social conditions | ||
| 942 | _cBK | ||
| 999 |
_c3120 _d3120 |
||